Nina Chuba - Mangos mit Chili (lyrics) - Statistiken

Allgemein
  • Dieses Quiz wurde 86 mal gespielt
  • Das Durchschnittsergebnis liegt bei 184 aus 301
Antwortstatistiken
Antwort % Korrekt
mit
96%
ich
95%
Mangos
91%
Chili
89%
nicht
82%
mehr
80%
und
79%
was
79%
brauch
77%
da
77%
schmeiß
77%
weg
77%
die
75%
hat
75%
auf
73%
mich
73%
hab
71%
im
71%
mir
71%
bin
70%
sich
70%
sind
70%
den
68%
es
68%
hält
68%
hier
68%
in
66%
mach
66%
als
64%
bestens
64%
ein
64%
gelaunt
64%
jede
64%
keiner
64%
ausgeschlafen
63%
blau
63%
für
63%
Himmel
63%
das
61%
alle
59%
frische
59%
gib
59%
groß
59%
kauf
59%
laut
59%
meine
59%
raus
59%
Röcke
59%
will
59%
an
57%
geh
57%
Gläser
57%
ihn
57%
mini
57%
nur
57%
streich
57%
einen
55%
gut
54%
keinen
54%
Stress
54%
frischer
52%
Großstadt
52%
Highspeed
52%
ist
52%
Song
52%
also
50%
bis
50%
Büro
50%
gelohnt
50%
jedem
50%
Job
50%
Kopf
50%
nem
50%
Stau
50%
Sterne
50%
Dreck
48%
durch
48%
Mexico-City
48%
schön
48%
Ticket
48%
komm
46%
stoß
46%
wenn
46%
zurück
46%
bewegen
45%
ganz
45%
Grinsen
45%
ja
45%
mach's
45%
Postern
45%
reicht
45%
Sicht
45%
stehen
45%
strahlenden
45%
wind
45%
bequem
43%
Charts
43%
Graffiti
43%
kalt
43%
mal
43%
von
43%
Berlin
41%
dass
41%
paar
41%
randvoll
41%
Regen
41%
renn
41%
Tage
41%
tour
41%
zwischen
41%
Bock
39%
verbaut
39%
verschwinde
39%
wird
39%
Grau
38%
nehm
38%
Szene
38%
träum
38%
Inseln
36%
Lillet
36%
Straßen
36%
tanz
34%
Wunder
34%
Glück
32%
Palm-Trees
32%
echt
29%
weck
29%
falls
27%
hinwill
27%
grade
25%
spiel'n
25%
Bläser
23%
schreibe
21%
Keine übereinstimmenden Quizze gefunden
Verteilung der Resultate
Anzahl Personen mit jedem Resultat
Perzentil nach korrekt beantworteten Fragen
Ihre Resultats-Entwicklung
Sie haben dieses Quiz noch nicht gespielt